| 000 | 00530nam a2200217Ia 4500 | ||
|---|---|---|---|
| 003 | OSt | ||
| 005 | 20220928143341.0 | ||
| 006 | a|||||r|||| 00| 0 | ||
| 007 | ta | ||
| 008 | 220927b |||||||| |||| 00| 0 eng d | ||
| 024 | _a21677 | ||
| 037 | _cTextual | ||
| 040 |
_aSDCL _cSDCL _beng |
||
| 041 |
_2eng _aeng |
||
| 082 | _aB9:1.2'E, N2 | ||
| 100 |
_aBali Chandrakant _9505086 |
||
| 245 | 0 | _aJain kal-ganana. | |
| 260 | _c1992 | ||
| 942 |
_hB9:1.2'E, N2 _cTEXL _2CC |
||
| 999 |
_c823707 _d823707 |
||